Flags Start With C - Statistics

General Stats
  • This quiz has been taken 24 times
  • The average score is 6 of 16
Answer Stats
Picture Answer % Correct
Cambodia
100%
Canada
100%
Cameroon
82%
China
64%
Chile
45%
Central African Republic
36%
Comoros
36%
Cuba
36%
Chad
27%
Colombia
27%
Costa Rica
27%
Croatia
18%
Cyprus
18%
Czechia
9%
Cabo Verde
0%
Côte d'Iviore
0%
No matching quizzes found
Score Distribution
Percent of People with Each Score
Percentile by Number Answered
Your Score History
You have not taken this quiz